<?xml version="1.0" encoding="UTF-8"?>
<record
    xmlns:xsi="http://www.w3.org/2001/XMLSchema-instance"
    xsi:schemaLocation="http://www.loc.gov/MARC21/slim http://www.loc.gov/standards/marcxml/schema/MARC21slim.xsd"
    xmlns="http://www.loc.gov/MARC21/slim">

  <leader>05347cam a22004218i 4500</leader>
  <controlfield tag="001">21916096</controlfield>
  <controlfield tag="003">CSPC</controlfield>
  <controlfield tag="005">20251006150301.0</controlfield>
  <controlfield tag="008">210225s2022    enk      b    001 0 eng  </controlfield>
  <datafield tag="010" ind1=" " ind2=" ">
    <subfield code="a">  2021007950</subfield>
  </datafield>
  <datafield tag="020" ind1=" " ind2=" ">
    <subfield code="a">9780367509989</subfield>
    <subfield code="q">(paperback)</subfield>
  </datafield>
  <datafield tag="040" ind1=" " ind2=" ">
    <subfield code="a">DLC</subfield>
    <subfield code="b">eng</subfield>
    <subfield code="e">rda</subfield>
    <subfield code="c">DLC</subfield>
    <subfield code="d">CSPC</subfield>
  </datafield>
  <datafield tag="042" ind1=" " ind2=" ">
    <subfield code="a">pcc</subfield>
  </datafield>
  <datafield tag="050" ind1="0" ind2="0">
    <subfield code="a">LB3051</subfield>
    <subfield code="b">.A6667 2022</subfield>
  </datafield>
  <datafield tag="082" ind1="0" ind2="0">
    <subfield code="a">371.26</subfield>
    <subfield code="b">As743</subfield>
    <subfield code="2">23</subfield>
  </datafield>
  <datafield tag="245" ind1="0" ind2="0">
    <subfield code="a">Assessment as learning :</subfield>
    <subfield code="b">maximising opportunities for student learning and achievement /</subfield>
    <subfield code="c">edited by Zi Yan and Lan Yang.</subfield>
  </datafield>
  <datafield tag="250" ind1=" " ind2=" ">
    <subfield code="a">First edition.</subfield>
  </datafield>
  <datafield tag="263" ind1=" " ind2=" ">
    <subfield code="a">2108</subfield>
  </datafield>
  <datafield tag="264" ind1=" " ind2="1">
    <subfield code="a">Abingdon, Oxon ;</subfield>
    <subfield code="a">New York, NY :</subfield>
    <subfield code="b">Routledge, </subfield>
    <subfield code="c">2022.</subfield>
  </datafield>
  <datafield tag="300" ind1=" " ind2=" ">
    <subfield code="a">xviii, 279 pages ;</subfield>
    <subfield code="c">23 cm.</subfield>
  </datafield>
  <datafield tag="336" ind1=" " ind2=" ">
    <subfield code="a">text</subfield>
    <subfield code="b">txt</subfield>
    <subfield code="2">rdacontent</subfield>
  </datafield>
  <datafield tag="337" ind1=" " ind2=" ">
    <subfield code="a">unmediated</subfield>
    <subfield code="b">n</subfield>
    <subfield code="2">rdamedia</subfield>
  </datafield>
  <datafield tag="338" ind1=" " ind2=" ">
    <subfield code="a">volume</subfield>
    <subfield code="b">nc</subfield>
    <subfield code="2">rdacarrier</subfield>
  </datafield>
  <datafield tag="490" ind1="0" ind2=" ">
    <subfield code="a">Asia-Europe education dialogue</subfield>
  </datafield>
  <datafield tag="504" ind1=" " ind2=" ">
    <subfield code="a">Includes bibliographical references and index.</subfield>
  </datafield>
  <datafield tag="505" ind1="0" ind2=" ">
    <subfield code="a">Assessment-as-learning in the global assessment reforms / Zi Yan and Lan Yang -- Part I -- Revisiting assessment-as-learning from new perspectives -- Conceptualising assessment-as-learning / Zi Yan and David Boud -- Assessment-as-learning for the development of students' evaluative judgement / David Boud -- Assessments cause and contribute to learning : If only we let them / Gavin T. L. Brown -- The role of feedback orientation in converting external feedback to learning opportunities for implementing assessment-as-learning in the context of feedback / Lan Yang -- Part II -- Meeting the challenge of implementation -- Interplay between students' perceived utility, accountability, self-efficacy and social awareness when engaged with peer feedback : a qualitative interpretation / Min Yang, Lan Yang and Baoru Song -- Designing nested tasks to facilitate students' mega-cognitive development : assessment-as-learning practice from two award-winning university teachers / Jing Wang and Yueting Xu -- Dancing with chains : how does assessment-as-learning fit in China? / Hongling Lao and Zi Yan -- Fostering student evaluative judgement through assessment-as-learning in tertiary english language classroom / Yangyu Xiao and Jiahe Gu -- The conceptualisation of student self-assessment literacy : a case study of Chinese undergraduates / Wuyuan Guo, Yichao Huangand Zi Yan -- Assessment-as-learning through the lens of self-regulated learning : the role of normative competence / Ser Hong Tan, Gregory Arief D. Liem and Joyce S. Pang -- Involved and autonomy-supportive teachers make reflective students : linking need-supportive teacher practices to student self-assessment practices / Norman B. Mendoza and Zi Yan -- Changing external feedback to learning opportunities : a study on Filipino university students' feedback orientation -- Cherry E. Frondozo and Lan Yang -- Harnessing the learning potential of feedback : dedicated improvement and reflection time (DIRT) in classroom practice / Naomi E. Winstone and Neil T. Winstone -- Synchronous self-assessment : assessment from the other side of the mirror / Ana Remesal -- Supporting quality of learning by letting students give their own grades -an innovative self-assessment model in university mathematics / Jokke H&#xE4;s&#xE4;, Johanna R&#xE4;m&#xF6; and Juuso Henrik Nieminen -- Supporting students to use assessment-as-learning / Beverley Booth, Mary F. Hill and Helen Dixon -- The reciprocal nature of assessment-as-learning and feedback literacy : case studies from higher education in Australia / Joanna Tai, Christine Contessotto, Janine McBurnie, Kelli Nicola-Richmond and Petra Brown.</subfield>
  </datafield>
  <datafield tag="520" ind1=" " ind2=" ">
    <subfield code="a">"Based on a solid theoretical basis of assessment-as-learning and updated empirical evidences, this timely book significantly expands the existing scope of assessment-as-learning typically developed in Western contexts. This edited volume updates theoretical and empirical advances in assessment-as-learning in complex learning processes, brought together by an international panel of authors. The contributors provide a wide range of practical ways to harness the power of assessment-as-learning to make it work more effectively not only in the classroom, but also across other achievement-related situations (e.g. examinations, learning processes before and after classes). Assessment as Learning provides a deep contemporary insight into the field of formative assessment, and brings much-needed international perspectives to complement the current Western-focused research. This is a valuable contribution to the discussion, and provides useful insight for researchers in Education"--</subfield>
    <subfield code="c">Provided by publisher.</subfield>
  </datafield>
  <datafield tag="650" ind1=" " ind2="0">
    <subfield code="a">Educational tests and measurements.</subfield>
  </datafield>
  <datafield tag="650" ind1=" " ind2="0">
    <subfield code="a">Learning.</subfield>
  </datafield>
  <datafield tag="650" ind1=" " ind2="0">
    <subfield code="a">Education, Higher</subfield>
    <subfield code="x">Aims and objectives.</subfield>
  </datafield>
  <datafield tag="700" ind1="1" ind2=" ">
    <subfield code="a">Yan, Zi,</subfield>
    <subfield code="d">1979-</subfield>
    <subfield code="e">editor.</subfield>
  </datafield>
  <datafield tag="700" ind1="1" ind2=" ">
    <subfield code="a">Yang, Lan,</subfield>
    <subfield code="e">editor.</subfield>
  </datafield>
  <datafield tag="776" ind1="0" ind2="8">
    <subfield code="i">Online version:</subfield>
    <subfield code="t">Assessment as learning</subfield>
    <subfield code="b">First edition.</subfield>
    <subfield code="d">London ; New York, NY : Routledge, Taylor &amp; Francis Group, 2022</subfield>
    <subfield code="z">9781003052081</subfield>
    <subfield code="w">(DLC) 2021007951</subfield>
  </datafield>
  <datafield tag="906" ind1=" " ind2=" ">
    <subfield code="a">7</subfield>
    <subfield code="b">cbc</subfield>
    <subfield code="c">orignew</subfield>
    <subfield code="d">1</subfield>
    <subfield code="e">ecip</subfield>
    <subfield code="f">20</subfield>
    <subfield code="g">y-gencatlg</subfield>
  </datafield>
  <datafield tag="942" ind1=" " ind2=" ">
    <subfield code="2">ddc</subfield>
    <subfield code="c">BK</subfield>
    <subfield code="e">23</subfield>
    <subfield code="h">371.26</subfield>
    <subfield code="i">As743</subfield>
    <subfield code="k">CIR</subfield>
    <subfield code="m">2022</subfield>
    <subfield code="n">0</subfield>
  </datafield>
  <datafield tag="952" ind1=" " ind2=" ">
    <subfield code="0">0</subfield>
    <subfield code="1">0</subfield>
    <subfield code="2">ddc</subfield>
    <subfield code="4">0</subfield>
    <subfield code="7">0</subfield>
    <subfield code="a">CSPC</subfield>
    <subfield code="b">CSPC</subfield>
    <subfield code="c">CIR</subfield>
    <subfield code="d">2025-03-05</subfield>
    <subfield code="l">0</subfield>
    <subfield code="o">CIR 371.26 As743 2022</subfield>
    <subfield code="p">029085</subfield>
    <subfield code="r">2025-03-05 13:59:24</subfield>
    <subfield code="t">1-2</subfield>
    <subfield code="w">2025-03-05</subfield>
    <subfield code="y">BK</subfield>
  </datafield>
  <datafield tag="952" ind1=" " ind2=" ">
    <subfield code="0">0</subfield>
    <subfield code="1">0</subfield>
    <subfield code="2">ddc</subfield>
    <subfield code="4">0</subfield>
    <subfield code="7">0</subfield>
    <subfield code="a">CSPC</subfield>
    <subfield code="b">CSPC</subfield>
    <subfield code="c">CIR</subfield>
    <subfield code="d">2025-10-06</subfield>
    <subfield code="l">0</subfield>
    <subfield code="o">CIR 371.26 As743 2022</subfield>
    <subfield code="p">030407</subfield>
    <subfield code="r">2025-10-06 15:03:30</subfield>
    <subfield code="t">2-2</subfield>
    <subfield code="w">2025-10-06</subfield>
    <subfield code="y">BK</subfield>
  </datafield>
  <datafield tag="999" ind1=" " ind2=" ">
    <subfield code="c">28989</subfield>
    <subfield code="d">28989</subfield>
  </datafield>
</record>
